Statistics for Countries that have an Adaptation of Taskmaster

Click here to take the quiz!

General Stats

  • This quiz has been taken 15 times
  • The average score is 12 of 14

Answer Stats

YearAnswer% Correct
2023Australia
100%
2017 (unaired Pilot)Germany
100%
2020New Zealand
100%
2015 (Original)United Kingdom
100%
2019Norway
93%
2017Sweden
93%
2018United States
93%
2022Canada
86%
2020Finland
86%
2018Spain
86%
2016Belgium
79%
2018Denmark
79%
2022Portugal
79%
2021Croatia
29%

Score Distribution

Percentile by Number Answered

Percent of People with Each Score

Your Score History

You have not taken this quiz